The Universe for beginners
| Main Author: | |
|---|---|
| Other Authors: | |
| Format: | Book |
| Published: |
Cambridge :
Icon Books Ltd. ,
1993
|
| Subjects: |
MARC
| LEADER | 00000cam a2200000 7i4500 | ||
|---|---|---|---|
| 001 | 0000015211 | ||
| 002 | 000016645 | ||
| 005 | 20000330.0 | ||
| 020 | |a 1874166064 | ||
| 090 | 0 | 0 | |a 523.1220 |b PIR |
| 100 | 1 | |a Pirani, Felix | |
| 245 | 1 | 4 | |a The Universe for beginners |c Felix Pirani and Christine Roche |
| 260 | |a Cambridge : |b Icon Books Ltd. , |c 1993 | ||
| 300 | |a 175p. : |b ill. ; |c 21cm. | ||
| 650 | 0 | 0 | |a Earth |
| 650 | 0 | 0 | |a Universe |
| 700 | 1 | |a Roche, Christine | |
| 999 | |a 042014 |b BUKU |c PINJAMAN |e PERPUSTAKAAN KOMUNITI PETALING JAYA | ||